ছড়া সমগ্র-৩ / (Record no. 13875)
[ view plain ]
| 000 -LEADER | |
|---|---|
| fixed length control field | 00661nam a2200229 a 4500 |
| 001 - CONTROL NUMBER | |
| JCCL Control Number | 13875 |
| 003 - CONTROL NUMBER IDENTIFIER | |
| JCCL marc code | BD-JhCC |
| 005 - DATE AND TIME OF LATEST TRANSACTION | |
| control field | 20240428105045.0 |
| 008 - FIXED-LENGTH DATA ELEMENTS--GENERAL INFORMATION | |
| fixed length control field | 240428b2020 bg |||| ||a| 000 0 b d |
| 020 ## - INTERNATIONAL STANDARD BOOK NUMBER | |
| International Standard Book Number | 9789849489443 |
| 035 ## - SYSTEM CONTROL NUMBER | |
| system control number | (BD-JhCC)13875 |
| 040 ## - CATALOGING SOURCE | |
| Original cataloging agency | BD-JhCC |
| Modifying agency | BD-JhCC |
| 041 ## - LANGUAGE CODE | |
| Language code of Book | Bengali |
| 082 ## - DEWEY DECIMAL CLASSIFICATION NUMBER | |
| Classification number | 891.4435 |
| Author mark and Year | LIT 2020 |
| 100 ## - MAIN ENTRY--PERSONAL NAME | |
| Personal name | লিটন,আনজীর |
| 245 ## - TITLE STATEMENT | |
| Title | ছড়া সমগ্র-৩ / |
| Statement of responsibility, etc | আনজীর লিটন। |
| 260 ## - PUBLICATION, DISTRIBUTION, ETC. (IMPRINT) | |
| Place of publication, distribution, etc | ঢাকা: |
| Name of publisher, distributor, etc | অনিন্দ্য প্রকাশ; |
| Date of publication, distribution, etc | 2020. |
| 300 ## - PHYSICAL DESCRIPTION | |
| Pagination | 238 p. : |
| Other physical details | ill; |
| Dimensions | 22 cm. |
| 651 ## - SUBJECT ADDED ENTRY--GEOGRAPHIC NAME | |
| Geographic name | Bengali Short Stories |
| 942 ## - ADDED ENTRY ELEMENTS (KOHA) | |
| Source of classification or shelving scheme | Dewey Decimal Classification |
| Koha item type | Books |
| Source of classification or shelving scheme | Damaged status | Not for loan | Home library | Current library | Shelving location | Date of accession | Source of acquisition | Cost, normal purchase price | Total Checkouts | Full call number | Barcode | Date last seen | Copy number | Method of acquisition | Koha item type | Currency |
|---|---|---|---|---|---|---|---|---|---|---|---|---|---|---|---|---|
| Dewey Decimal Classification | JCC Rouf Library | JCC Rouf Library | General Stacks | With The Compliments Of 7th Intake | 450.00 | 891.4435 LIT 2020 | 19397 | 04/28/2024 | C-1 | Gift/Donation | Books | BDT |